000
00209nam a22000857a 4500
008
170601b xxu||||| |||| 00| 0 eng d
100
_9
3184
_a
Kurup. C. G. R
245
_a
The Ramayana
260
_a
New Delhi
_b
CBT
_c
2003
999
_c
6487
_d
6487